| 000 | 00471nam a22001937a 4500 | ||
|---|---|---|---|
| 003 | MPLRDC | ||
| 005 | 20220104143644.0 | ||
| 008 | 210129b ||||| |||| 00| 0 eng d | ||
| 020 | _a7-80622-156-5 | ||
| 082 | _a855 YSHH v.2 | ||
| 100 | _a夏中义 著 | ||
| 245 |
_a邂逅灵性 _c |
||
| 250 | _a一版一刷 | ||
| 260 |
_a _b上海书店 _c1996 |
||
| 300 | _b平 | ||
| 490 | _a语丝画痕丛书 | ||
| 650 | _a散文;随笔、日记 | ||
| 942 |
_cBK _o855 YSHH v.2 |
||
| 999 |
_c42054 _d42044 |
||